Statistics for NBA Who Averaged More

Click here to take the quiz!

General Stats

  • This quiz has been taken 24 times
  • The average score is 3 of 11

Answer Stats

QuestionAnswer% Correct
Who Averaged More Points?Dirk Nowitzki in 2006
57%
Who Averaged More Points?Kareem Abdul-Jabbar in 1974
57%
Who Averaged More Assists?Rajon Rondo in 2015
36%
Who Averaged More Points?Anthony Davis in 2017
29%
Who Averaged More Steals?Kawhi Leonard in 2014
29%
Who Averaged More Rebounds?Nate Thurmond in 1973
29%
Who Averaged More Blocks?Mark Eaton in 1984
21%
Who Averaged More Points?Michael Jordan in 1989
21%
Who Averaged More Points?Gilbert Arenas in 2006
14%
Who Averaged More Points?LeBron James in 2005
14%
Who Averaged More Turnovers?Stephen Curry in 2013
14%

Score Distribution

Percentile by Number Answered

Percent of People with Each Score

Your Score History

You have not taken this quiz